000 00270nam a22001217a 4500
008 170426b xxu||||| |||| 00| 0 eng d
041 _aeng
080 _22ND
_a54
100 _a12
101 _aSHM
245 _aMODERN INORGANIC CHEMISTRY
_cJOLLY, W.L
942 _2udc
_cBK
999 _c12146
_d12146